Техника высоких напряжений. Ч. 1 (Запись № 5707003)

Подробности
000 -МАРКЕР
контрольное поле 01304nam2a22002531 4500
001 - ИДЕНТИФИКАТОР ЗАПИСИ
контрольное поле rc\3158209
005 - ИДЕНТИФИКАТОР ВЕРСИИ
контрольное поле 20250530073529.0
021 ## - НОМЕР ГОСУДАРСТВЕННОЙ РЕГИСТРАЦИИ
Код страны Российская Федерация
Номер Рг3415-77
021 ## - НОМЕР ГОСУДАРСТВЕННОЙ РЕГИСТРАЦИИ
Код страны Российская Федерация
Номер 76-96441
035 ## - ДРУГИЕ СИСТЕМНЫЕ НОМЕРА
Идентификатор записи (NLR Aleph) 007300680
100 ## - ДАННЫЕ ОБЩЕЙ ОБРАБОТКИ
Данные общей обработки 20120615d1976 |||y0rusy50 ca
101 0# - ЯЗЫК РЕСУРСА
Язык текста, звукозаписи и т.д. русский
102 ## - СТРАНА ПУБЛИКАЦИИ ИЛИ ПРОИЗВОДСТВА
Страна публикации Российская Федерация
105 ## - ПОЛЕ КОДИРОВАННЫХ ДАННЫХ: ТЕКСТОВЫЕ МАТЕРИАЛЫ, МОНОГРАФИЧЕСКИЕ
Кодированные данные о монографическом текстовом документе a z |||||
200 0# - ЗАГЛАВИЕ И СВЕДЕНИЯ ОБ ОТВЕТСТВЕННОСТИ
Основное заглавие Ч. 1
210 ## - ПУБЛИКАЦИЯ, РАСПРОСТРАНЕНИЕ И ДР.
Дата издания, распространения и т.д. 1976
Место издания, распространения и т.д. Б. м.
215 ## - ФИЗИЧЕСКАЯ ХАРАКТЕРИСТИКА
Специфическое обозначение материала и объем 51 с.
Другие сведения о физической характеристике ил.
461 #0 - УРОВЕНЬ НАБОРА
Встроенное поле 001rc\3158208
-- 2001#$aТехника высоких напряжений$eКонспект лекций для студентов специальности 0303$eЧ. 1-$fМ-во высш. и сред. спец. образ. РСФСР. Сарат. политехн. ин-т$vЧ. 1
-- 700#1$aСоколов$bН.М.$gНиколай Михайлович
Системный номер (АБИС) связанной записи 5706995
Автор Соколов, Н. М. (д-р техн. наук, электроснабжение)
Место публикации Саратов
Дата публикации 1976
Первые сведения об ответственности М-во высш. и сред. спец. образ. РСФСР. Сарат. политехн. ин-т
Имя издателя, распространителя и т.д. Б. и.
Сведения, относящиеся к заглавию Конспект лекций для студентов специальности 0303 : Ч. 1-
Заглавие Техника высоких напряжений
Номер тома Ч. 1
801 #0 - ИСТОЧНИК ЗАПИСИ
Страна Российская Федерация
Организация NLR
Правила каталогизации psbo
801 #1 - ИСТОЧНИК ЗАПИСИ
Страна Российская Федерация
Организация ELAR
Источник данных rusmarc
852 ## - МЕСТОНАХОЖДЕНИЕ И ШИФР ХРАНЕНИЯ
Идентификатор организации NLR
Шифр хранения (Call Number) 77-4/4729
942 ## - ДОПОЛНИТЕЛЬНЫЕ ЭЛЕМЕНТЫ ЗАПИСИ (АБИС)
Тип экземпляра АБИС Книга
980 ## - КОЛЛЕКЦИЯ
Название коллекции Национальная библиография
Экземпляры
Тип экземпляра Дата поступления Библиотека постоянного хранения Библиотека текущего хранения Место хранения Шифр хранения Штрих-код Статус экземпляра
Книга 26.10.2013 РНБ (Московский) РНБ (Московский) Русский книжный фонд: издания с 1957 года 77-4/4729 7300680-10